00470nam a2200193Ia 4500003000900000008004100009040001300050040001300063041000800076100002000084245004700104250002200151260002300173260000900196300001100205300001200216490004200228490000600270IT-RoPAU120407s9999 xx 000 0 und d aIT-RoPAU cIT-RoPAU aita aLuigi Accattoli aKarol Wojtyla. L’uomo di fine millennio. aCinisello Balsamo aSan Paolo Edizioni c1998 a346 p. c22.5 cm aTempi e figure, 33 Rilegato+ sovrac. v1